|
|
|
|
| LEADER |
00657nab a2200181 i 4500 |
| 001 |
acta63733 |
| 005 |
20260224081030.0 |
| 008 |
200107s2017 hu o 000 hun d |
| 022 |
|
|
|a 2560-1911
|
| 040 |
|
|
|a SZTE Egyetemi Kiadványok Repozitórium
|b hun
|
| 041 |
|
|
|a hun
|
| 100 |
1 |
|
|a Zurzsa Zsolt
|
| 245 |
1 |
2 |
|a A bírák kiválasztásának összehasonlító elemzése
|h [elektronikus dokumentum] /
|c Zurzsa Zsolt
|
| 260 |
|
|
|c 2017
|
| 300 |
|
|
|a 1-8
|
| 490 |
0 |
|
|a Comparative Law Working Papers
|v 1 No. 1
|
| 695 |
|
|
|a Bíróság, Jogtudomány, Igazságszolgáltatás
|
| 856 |
4 |
0 |
|u http://acta.bibl.u-szeged.hu/63733/1/comparative_law_2017_001_001-008.pdf
|z Dokumentum-elérés
|